Statistiken für Fußball WM: Alle Vereine der deutschen Spieler (alle WMs)

Klicken Sie hier um das Quiz zu spielen!

Allgemein

  • Dieses Quiz wurde 381 mal gespielt
    (376 seit der letzten Aktualisierung)
  • Das Durchschnittsergebnis liegt bei 35 aus 75

Antwortstatistiken

ZeitraumAnzahlVerein% Korrekt
1954-202238xBorussia Dortmund
99%
1934-202277xFC Bayern München
99%
1934-201025xHamburger SV
91%
1934-201824xFC Schalke 04
90%
1954-201839x1. FC Köln
89%
1978-20185xHertha BSC Berlin
89%
2018-20223xRB Leipzig
89%
1966-202222xWerder Bremen
89%
1994-201813xBayer Leverkusen
87%
1962-202218xBorussia Mönchengladbach
86%
1958-201821xVfB Stuttgart
86%
1934-202213xEintracht Frankfurt
85%
1974-20225xReal Madrid
84%
2018-20222xFC Barcelona
82%
1954-200214x1. FC Kaiserslautern
80%
2014-20223xSC Freiburg
80%
1954-19944x1. FC Nürnberg
78%
2006-20142xHannover 96
78%
2006-20224xFC Chelsea
75%
1986-19904xInter Mailand
75%
2018-20222xManchester City
75%
2006-20185xArsenal London
74%
1966-19983xAC Mailand
72%
1934-19829xFortuna Düsseldorf
70%
20182xParis Saint-Germain
69%
1966-19983xTSV 1860 München
69%
1954-19584xRot-Weiß Essen
67%
1970-20184xJuventus Turin
66%
20021xFC Liverpool
64%
1970-19823xEintracht Braunschweig
61%
1934-19382xAlemannia Aachen
59%
1962-19983xKarlsruher SC
59%
1954-19624xSpVgg Fürth
57%
1966-19783xMSV Duisburg
56%
1990-19943xAS Rom
55%
1934-19624xFC Augsburg (damals Schwaben Augsburg)
55%
1998-20022xTottenham Hotspur
52%
20141xLazio Rom
51%
1994-19982xOlympique Marseille
51%
1934-19622x1. FC Saarbrücken (damals FV Saarbrücken)
50%
1934-19382xSV Waldhof Mannheim
44%
1958-19622xKickers Offenbach
43%
19861xBayer 04 Uerdingen
38%
19621xTSG Ulm
38%
19581xWuppertaler SV
34%
1994-20022xAS Monaco
33%
19383xRapid Wien
33%
20221xWest Ham United
31%
19941xAC Florenz
27%
20221xSouthampton FC
26%
19541xHessen Kassel
25%
20141xSampdoria Genua
22%
1934-19382xJahn Regensburg
20%
19981xUdinese Calcio
17%
19661xAC Bologna
14%
19861xHellas Verona
14%
19381xTuS Koblenz (damals Koblenz-Neuendorf)
12%
19541xFSV Frankfurt
11%
19621xWestfalia Herne
11%
19381xVienna Wien
9%
19341xDresdner SC
8%
19541xFK Pirmasens
8%
19661xBrescia Calcio
6%
19341xBonner SC (damals Bonner FV)
5%
19382xSchweinfurt 05
5%
19381xAdmira Wien
4%
19581xSG Düren 99
4%
19621xCatania Calcio
3%
19341xFV Union Hamborn
3%
19341xVfL Benrath
3%
19341xSpVgg Viktoria Hamburg
2%
19581xSV Sodingen
2%
19383xOstmark Wien
1%
19341xTurn- und Sportverein Duisburg
1%
19381xVfB Speldorf
1%

Verteilung der Resultate

Perzentil nach korrekt beantworteten Fragen

Anzahl Personen mit jedem Resultat

Ihre Resultats-Entwicklung

Sie haben dieses Quiz seit der letzten Aktualisierung nicht gespielt